[Event "10th IPCA World Champ"]
[Site "Bialystok"]
[Date "2010.06.29"]
[Round "5.4"]
[White "Zavarsky, Juraj"]
[Black "Marievsky, Maxim"]
[Result "1-0"]
[WhiteElo "2058"]
[BlackElo "2024"]
[PlyCount "62"]
[EventDate "2010.??.??"]

1. e4 Nf6 2. e5 Nd5 3. d4 d6 4. f4 dxe5 5. fxe5 Bf5 6. Nf3 e6 7. Bd3 Bxd3 8.
Qxd3 a6 9. O-O Be7 10. c4 Nb4 11. Qe4 N4c6 12. Nc3 Nd7 13. Qg4 g6 14. Ng5 O-O
15. Nf3 h5 16. Qe4 Kg7 17. h4 Nb6 18. d5 Bc5+ 19. Kh1 exd5 20. cxd5 Ne7 21. Bg5
Nbxd5 22. Rad1 c6 23. Bf6+ Kg8 24. Nxd5 cxd5 25. Qf4 Kh7 26. Ng5+ Kg8 27. Ne4
Kh7 28. Nxc5 Qc7 29. Bxe7 Qxe7 30. Nd3 Kg8 31. Qf6 Qd7 1-0

[Event "10th IPCA World Champ"]
[Site "Bialystok"]
[Date "2010.06.29"]
[Round "5.5"]
[White "Relidzynski, Tadeusz"]
[Black "Glazar, Domagoj"]
[Result "0-1"]
[WhiteElo "1941"]
[BlackElo "2050"]
[PlyCount "78"]
[EventDate "2010.??.??"]

1. e4 e5 2. Nf3 Nf6 3. Nxe5 d6 4. Nf3 Nxe4 5. d4 d5 6. Bd3 Nc6 7. O-O Be7 8. c4
Nb4 9. Nc3 Nxd3 10. Qxd3 Bf5 11. Qe2 Nxc3 12. bxc3 O-O 13. cxd5 Re8 14. Qb5 Be4
15. c4 Bxf3 16. gxf3 Qc8 17. Qb3 Bf6 18. Bb2 Qf5 19. Rfe1 Red8 20. Re4 b5 21.
Rd1 bxc4 22. Qxc4 h5 23. Qxc7 Qxd5 24. a3 Rab8 25. Qc2 g6 26. h4 Bxh4 27. Bc1
Bf6 28. Be3 Rdc8 29. Qa4 Ra8 30. Rb1 a6 31. Rb6 Bg5 32. Re5 Qd8 33. Rxa6 Rxa6
34. Qxa6 Bxe3 35. fxe3 Rc1+ 36. Kg2 Qh4 37. Re8+ Kg7 38. Qd6 Rc2+ 39. Kg1 Qe1#
0-1

[Event "10th IPCA World Champ"]
[Site "Bialystok"]
[Date "2010.06.29"]
[Round "5.7"]
[White "Tocklin, Tomi"]
[Black "Kurochkina, Elena"]
[Result "1/2-1/2"]
[WhiteElo "1885"]
[BlackElo "1827"]
[PlyCount "47"]
[EventDate "2010.??.??"]

1. e4 e6 2. d4 d5 3. exd5 exd5 4. Bf4 Nf6 5. Nf3 Be7 6. Bd3 O-O 7. O-O Bg4 8.
Nbd2 Nc6 9. c3 Bd6 10. Bg5 h6 11. Bh4 Be7 12. Qc2 Re8 13. Rfe1 Nh5 14. Bxe7
Nxe7 15. Ne5 Be6 16. g3 Nf6 17. f4 Qd6 18. Ndf3 c5 19. dxc5 Qxc5+ 20. Nd4 Nc6
21. Qf2 Nxe5 22. fxe5 Nd7 23. Rad1 Bg4 24. e6 1/2-1/2

[Event "10th IPCA World Champ"]
[Site "Bialystok"]
[Date "2010.06.30"]
[Round "6.1"]
[White "Obodchuk, Andrei"]
[Black "Mikheev, Stanislav"]
[Result "0-1"]
[WhiteElo "2388"]
[BlackElo "2310"]
[PlyCount "120"]
[EventDate "2010.??.??"]

1. e4 e5 2. Nf3 Nf6 3. Nxe5 d6 4. Nf3 Nxe4 5. d4 d5 6. Bd3 Nc6 7. O-O Be7 8.
Re1 Bg4 9. c4 Nf6 10. Nc3 Nxd4 11. cxd5 Bxf3 12. gxf3 c5 13. d6 Qxd6 14. Nb5
Nxb5 15. Bxb5+ Kf8 16. Qe2 Qe6 17. Qxe6 fxe6 18. Rxe6 Nd5 19. Re2 Bf6 20. Rb1
Rd8 21. Bd2 a6 22. Ba4 Kf7 23. Bc2 b5 24. Be4 Rhe8 25. Ba5 Rd6 26. Rbe1 Re7 27.
Bd2 g6 28. b3 c4 29. bxc4 bxc4 30. Rc1 Rc7 31. a3 Bb2 32. Rc2 Bxa3 33. Bxd5+
Rxd5 34. Re4 Rdc5 35. Ra2 c3 36. Bf4 Bb2 37. Bxc7 Rxc7 38. Re1 a5 39. Kg2 a4
40. Rxa4 c2 41. f4 c1=Q 42. Rxc1 Bxc1 43. Kg3 Bb2 44. Ra5 Bf6 45. h4 Rc3+ 46.
f3 Be7 47. h5 Rc5 48. hxg6+ hxg6 49. Ra6 Rd5 50. Ra4 Ke6 51. Re4+ Kf6 52. Kg4
Bc5 53. Rc4 Bd6 54. Re4 Rd1 55. Ra4 Rg1+ 56. Kh3 Kf5 57. Kh2 Rc1 58. Kg3 g5 59.
Ra5+ Kf6 60. Rxg5 Bxf4+ 0-1

[Event "10th IPCA World Champ"]
[Site "Bialystok"]
[Date "2010.06.30"]
[Round "6.2"]
[White "Glazar, Domagoj"]
[Black "Zavarsky, Juraj"]
[Result "1/2-1/2"]
[WhiteElo "2050"]
[BlackElo "2058"]
[PlyCount "56"]
[EventDate "2010.??.??"]

1. d4 Nf6 2. Nf3 g6 3. c4 Bg7 4. Nc3 O-O 5. e4 d6 6. g3 c5 7. Bg2 Qa5 8. O-O
cxd4 9. Nxd4 Qc5 10. Qd3 Ng4 11. Nb3 Qh5 12. h4 Ne5 13. Qd1 Qxd1 14. Rxd1 Nxc4
15. Nd5 Nc6 16. Rb1 Bd7 17. Na1 Nb6 18. Nxb6 axb6 19. a3 b5 20. Nc2 Be6 21. Ne3
b4 22. Nd5 Bxd5 23. exd5 Nd4 24. axb4 Ne2+ 25. Kf1 Nxc1 26. Rdxc1 Rfc8 27. b3
Rxc1+ 28. Rxc1 Ra1 1/2-1/2

[Event "10th IPCA World Champ"]
[Site "Bialystok"]
[Date "2010.06.30"]
[Round "6.3"]
[White "Anfinogenov, Artem"]
[Black "Yarmonov, Igor"]
[Result "1/2-1/2"]
[WhiteElo "2028"]
[BlackElo "2340"]
[PlyCount "74"]
[EventDate "2010.??.??"]

1. Nf3 d6 2. e4 g6 3. d3 Bg7 4. Nbd2 Nf6 5. g3 Bd7 6. Bg2 Qc8 7. O-O Nc6 8. Re1
Bh3 9. Nf1 Bxg2 10. Kxg2 e6 11. Nh4 Qd7 12. f4 O-O-O 13. Ne3 Ng8 14. Rb1 f5 15.
Bd2 d5 16. exd5 exd5 17. b4 Nh6 18. Nf3 b5 19. a4 a6 20. axb5 axb5 21. c4 dxc4
22. dxc4 Nd4 23. Nd5 bxc4 24. Ne7+ Kb7 25. Nxd4 Bxd4 26. Qf3+ Kb6 27. b5 c3 28.
Ra1 Ra8 29. Rxa8 Rxa8 30. Qxa8 cxd2 31. Qa6+ Kc5 32. Qa3+ Kb6 33. Rb1 Ng4 34.
Qa6+ Kc5 35. Qa3+ Kb6 36. Qa6+ Kc5 37. Qa3+ Kb6 1/2-1/2

[Event "10th IPCA World Champ"]
[Site "Bialystok"]
[Date "2010.06.30"]
[Round "6.4"]
[White "Vodyasov, Evgeny"]
[Black "Matijasevic, Ilija"]
[Result "1/2-1/2"]
[WhiteElo "2211"]
[BlackElo "2101"]
[PlyCount "61"]
[EventDate "2010.??.??"]

1. d4 Nf6 2. Nf3 g6 3. Nc3 c5 4. d5 Bg7 5. e4 d6 6. Be2 O-O 7. O-O a6 8. a4
Nbd7 9. a5 b5 10. axb6 Nxb6 11. Nd2 Bb7 12. Nc4 Nxc4 13. Bxc4 Qb6 14. Qd3 Nd7
15. f4 Rfb8 16. Bd2 Bd4+ 17. Kh1 Qc7 18. Na4 Bc8 19. Bc3 Bxc3 20. Qxc3 Nb6 21.
Nxb6 Qxb6 22. b3 Bd7 23. f5 f6 24. fxg6 hxg6 25. Rxf6 exf6 26. Qxf6 Rf8 27.
Qxg6+ Kh8 28. Qh6+ Kg8 29. Qg6+ Kh8 30. Bd3 c4 31. Qh6+ 1/2-1/2

[Event "10th IPCA World Champ"]
[Site "Bialystok"]
[Date "2010.06.30"]
[Round "6.6"]
[White "Kaydanovich, Marina"]
[Black "Melnik, Galina"]
[Result "0-1"]
[WhiteElo "1852"]
[BlackElo "2001"]
[PlyCount "82"]
[EventDate "2010.??.??"]

1. e4 d5 2. exd5 Nf6 3. c4 c6 4. dxc6 Nxc6 5. Nf3 e5 6. Be2 Bc5 7. Nc3 Bf5 8.
d3 Ng4 9. O-O h6 10. h3 Nf6 11. a3 a5 12. Nb5 Qb6 13. Nd6+ Bxd6 14. g4 Be6 15.
Kg2 Rd8 16. Qc2 Bc5 17. Rb1 O-O 18. g5 hxg5 19. Bxg5 Be7 20. Rg1 Bf5 21. Rbc1
e4 22. dxe4 Bxe4 23. Qc3 Qd4 24. Kf1 Qxc3 25. Rxc3 Bf5 26. Nh4 Bb1 27. Rc1 Be4
28. Bh6 Ne8 29. Nf3 Bf6 30. b3 Nd6 31. Nh2 Nf5 32. Bf4 Rfe8 33. Ng4 Bb2 34. Rd1
Rxd1+ 35. Bxd1 Bd3+ 36. Kg2 Bxa3 37. Ne3 Nxe3+ 38. fxe3 Bc5 39. Kf2 Be4 40. Rg5
f5 41. Rg1 Rd8 0-1

[Event "10th IPCA World Champ"]
[Site "Bialystok"]
[Date "2010.06.30"]
[Round "6.8"]
[White "Szneider, Kazimierz"]
[Black "Kurochkina, Elena"]
[Result "1-0"]
[WhiteElo "1898"]
[BlackElo "1827"]
[PlyCount "82"]
[EventDate "2010.??.??"]

1. d4 d5 2. c4 e6 3. Nf3 Nf6 4. Bg5 Be7 5. e3 c6 6. Nc3 O-O 7. Bd3 dxc4 8. Bxc4
b5 9. Bd3 Bb7 10. O-O a6 11. Qe2 c5 12. dxc5 Bxc5 13. Rfd1 Qe7 14. Rac1 Nbd7
15. Ne4 Rac8 16. Nxc5 Nxc5 17. Bb1 h6 18. Bh4 Be4 19. Nd4 Rfd8 20. Bxe4 Ncxe4
21. Nc6 Rxd1+ 22. Qxd1 Qe8 23. Ne7+ Qxe7 24. Rxc8+ Kh7 25. f3 Ng5 26. Bf2 e5
27. a3 Ne6 28. Rc6 Qb7 29. Qc2+ g6 30. b4 Nd7 31. e4 Kg7 32. Rd6 Kf8 33. Qc6
Qxc6 34. Rxc6 Nd4 35. Rxa6 Ke7 36. Kf1 Nb8 37. Ra7+ Ke6 38. Bxd4 exd4 39. Ke2
f5 40. exf5+ gxf5 41. Kd3 h5 1-0

[Event "10th IPCA World Champ"]
[Site "Bialystok"]
[Date "2010.06.30"]
[Round "7.1"]
[White "Mikheev, Stanislav"]
[Black "Zavarsky, Juraj"]
[Result "1/2-1/2"]
[WhiteElo "2310"]
[BlackElo "2058"]
[PlyCount "51"]
[EventDate "2010.??.??"]

1. d4 Nf6 2. Nf3 g6 3. c4 Bg7 4. Nc3 O-O 5. e4 d6 6. Be2 c5 7. d5 b5 8. cxb5 a6
9. b6 Nbd7 10. O-O Nxb6 11. h3 Qc7 12. a4 Rb8 13. a5 Na8 14. Bc4 Nd7 15. Qe2
Qb7 16. Ra2 Ne5 17. Nxe5 Bxe5 18. Bh6 Re8 19. f4 Bd4+ 20. Kh1 Nc7 21. Qd3 Bd7
22. Ne2 Bh8 23. b3 Bb5 24. Ra3 Bb2 25. Ra2 Bh8 26. Ra3 1/2-1/2

[Event "10th IPCA World Champ"]
[Site "Bialystok"]
[Date "2010.06.30"]
[Round "7.2"]
[White "Marievsky, Maxim"]
[Black "Obodchuk, Andrei"]
[Result "0-1"]
[WhiteElo "2024"]
[BlackElo "2388"]
[PlyCount "92"]
[EventDate "2010.??.??"]

1. c4 Nf6 2. Nc3 g6 3. g3 Bg7 4. Bg2 O-O 5. Nf3 d6 6. d4 Nc6 7. O-O a6 8. Bg5
h6 9. Bxf6 Bxf6 10. Qd2 Bg7 11. e4 Rb8 12. d5 Na5 13. b3 c5 14. Rfe1 b5 15.
cxb5 axb5 16. e5 Bg4 17. exd6 exd6 18. Rad1 b4 19. Nb1 Qf6 20. Qd3 Rfc8 21. h3
Bf5 22. Qe2 c4 23. bxc4 Nxc4 24. Nd4 Bxb1 25. Nc6 Na3 26. Ne7+ Kh7 27. Nxc8
Rxc8 28. Rxb1 Rc2 29. Qf3 Qxf3 30. Bxf3 Nxb1 31. Rxb1 Bd4 32. Rxb4 Bxf2+ 33.
Kf1 Bxg3 34. Bg4 Rxa2 35. Rb7 Kg8 36. Rb3 Be5 37. Be2 Bd4 38. Rd3 Bc5 39. h4 h5
40. Rg3 Kf8 41. Rh3 Ke7 42. Rc3 Rb2 43. Rc4 Rd2 44. Re4+ Kf6 45. Rf4+ Kg7 46.
Bf3 Be3 0-1

[Event "10th IPCA World Champ"]
[Site "Bialystok"]
[Date "2010.06.30"]
[Round "7.3"]
[White "Yarmonov, Igor"]
[Black "Matijasevic, Ilija"]
[Result "1-0"]
[WhiteElo "2340"]
[BlackElo "2101"]
[PlyCount "85"]
[EventDate "2010.??.??"]

1. d4 Nf6 2. c4 c5 3. d5 b5 4. cxb5 a6 5. bxa6 Bxa6 6. Nc3 g6 7. e4 Bxf1 8.
Kxf1 d6 9. g3 Bg7 10. Kg2 O-O 11. Nf3 Nbd7 12. Qe2 Qc7 13. Bf4 Rfb8 14. Rab1
Rb6 15. Rhc1 Qb7 16. Rc2 e6 17. Rd1 exd5 18. exd5 Re8 19. Qd2 Ne4 20. Nxe4 Rxe4
21. b3 Nf6 22. Qd3 Qe7 23. Bg5 h6 24. Bxf6 Bxf6 25. Rc4 Rb4 26. Rdc1 Kg7 27.
Rxe4 Rxe4 28. Rc4 Re2 29. Rc2 Re4 30. a3 g5 31. h3 h5 32. Rc4 Re2 33. g4 h4 34.
Rc2 Re4 35. Kf1 Rf4 36. Rc4 Be5 37. Rxf4 Bxf4 38. a4 Qf6 39. Kg2 Qa1 40. Qf5 f6
41. Nxh4 Qd4 42. Qd7+ Kg8 43. Qe6+ 1-0

[Event "10th IPCA World Champ"]
[Site "Bialystok"]
[Date "2010.06.30"]
[Round "7.4"]
[White "Vodyasov, Evgeny"]
[Black "Glazar, Domagoj"]
[Result "1-0"]
[WhiteElo "2211"]
[BlackElo "2050"]
[PlyCount "119"]
[EventDate "2010.??.??"]

1. d4 d5 2. Nf3 Nf6 3. e3 c5 4. Be2 g6 5. O-O Bg7 6. c3 O-O 7. b3 Nc6 8. Bb2
cxd4 9. cxd4 Bf5 10. Nc3 Ne4 11. Nxe4 Bxe4 12. Qd2 Qb6 13. Rfc1 Rfc8 14. Ne5
Nxe5 15. dxe5 Qd8 16. Qb4 Qd7 17. Bd4 a6 18. f3 Bf5 19. Qd2 h5 20. Rxc8+ Rxc8
21. Rc1 Qe6 22. Rxc8+ Qxc8 23. Qc3 Qxc3 24. Bxc3 Bb1 25. a3 Kf8 26. Kf2 Ke8 27.
Ke1 Bc2 28. b4 Bh6 29. Kd2 Ba4 30. f4 Kd7 31. Bf3 e6 32. g3 Bf8 33. Bd4 a5 34.
Kc3 axb4+ 35. axb4 Bb5 36. h4 Bc6 37. g4 hxg4 38. Bxg4 Be7 39. h5 gxh5 40. Bxh5
Ke8 41. f5 exf5 42. e6 Kf8 43. exf7 Bd7 44. Bc5 Bxc5 45. bxc5 Be6 46. Kd4 Bxf7
47. Bxf7 Kxf7 48. Kxd5 Kf6 49. Kd6 Kg5 50. Kc7 Kg4 51. Kxb7 Kf3 52. c6 Kxe3 53.
c7 f4 54. c8=Q f3 55. Qc4 Kf2 56. Kc6 Ke1 57. Qe4+ Kf2 58. Kd5 Kg3 59. Kd4 f2
60. Qh1 1-0

[Event "10th IPCA World Champ"]
[Site "Bialystok"]
[Date "2010.06.30"]
[Round "7.5"]
[White "Relidzynski, Tadeusz"]
[Black "Anfinogenov, Artem"]
[Result "0-1"]
[WhiteElo "1941"]
[BlackElo "2028"]
[PlyCount "115"]
[EventDate "2010.??.??"]

1. e4 c6 2. d4 d5 3. Nd2 dxe4 4. Nxe4 Bf5 5. Ng3 Bg6 6. h4 h6 7. h5 Bh7 8. Nf3
Nd7 9. Bd3 Bxd3 10. Qxd3 Ngf6 11. Bd2 Qc7 12. O-O-O O-O-O 13. Kb1 e6 14. Ne4
Nc5 15. Nxc5 Bxc5 16. c3 Rhe8 17. g3 Bf8 18. Qe2 Bd6 19. Ne5 Bxe5 20. dxe5 Nd5
21. c4 Ne7 22. g4 c5 23. Bc3 Nc6 24. Qe3 Rxd1+ 25. Rxd1 Rd8 26. Rxd8+ Qxd8 27.
Kc2 b6 28. Qf3 Qd7 29. Qe4 Kc7 30. b3 Qe7 31. f4 Qh4 32. Qe2 Qg3 33. Qd2 Kc8
34. f5 exf5 35. gxf5 Nxe5 36. Qe2 f6 37. Qe4 Qf2+ 38. Kb1 Qf3 39. Qc2 Qf1+ 40.
Kb2 Nd3+ 41. Ka3 Qc1+ 42. Qxc1 Nxc1 43. b4 Ne2 44. Bd2 Nd4 45. bxc5 bxc5 46.
Ka4 Kc7 47. Ka5 Kb7 48. Be3 a6 49. Bf2 Nc6+ 50. Ka4 Kb6 51. Kb3 Ne7 52. a4 Nxf5
53. Kc3 Kc6 54. Kd3 Kd6 55. Ke4 Ne7 56. Bg3+ Ke6 57. Bf2 f5+ 58. Kf4 0-1

[Event "10th IPCA World Champ"]
[Site "Bialystok"]
[Date "2010.06.30"]
[Round "7.6"]
[White "Melnik, Galina"]
[Black "Tocklin, Tomi"]
[Result "1/2-1/2"]
[WhiteElo "2001"]
[BlackElo "1885"]
[PlyCount "34"]
[EventDate "2010.??.??"]

1. d4 Nf6 2. c4 c5 3. d5 b5 4. cxb5 a6 5. bxa6 Bxa6 6. Nc3 d6 7. e4 Bxf1 8.
Kxf1 g6 9. Nf3 Nbd7 10. h3 Bg7 11. Kg1 O-O 12. Kh2 Qa5 13. Qc2 Nb6 14. Re1 Nfd7
15. Re2 Rfb8 16. Nd1 Qa6 17. Nc3 Qa5 1/2-1/2

[Event "10th IPCA World Champ"]
[Site "Bialystok"]
[Date "2010.06.30"]
[Round "7.7"]
[White "Kaydanovich, Marina"]
[Black "Szneider, Kazimierz"]
[Result "1/2-1/2"]
[WhiteElo "1852"]
[BlackElo "1898"]
[PlyCount "38"]
[EventDate "2010.??.??"]

1. e4 e6 2. d3 d5 3. Nd2 Nf6 4. Qe2 Be7 5. Ngf3 O-O 6. g3 b6 7. Bg2 Bb7 8. O-O
c6 9. Re1 Re8 10. e5 Nfd7 11. Nf1 c5 12. h4 Nc6 13. c3 a5 14. h5 h6 15. N1h2
Nf8 16. d4 cxd4 17. cxd4 Ba6 18. Qd1 Rc8 19. a3 Nh7 1/2-1/2

[Event "10th IPCA World Champ"]
[Site "Bialystok"]
[Date "2010.07.01"]
[Round "8.1"]
[White "Obodchuk, Andrei"]
[Black "Vodyasov, Evgeny"]
[Result "1/2-1/2"]
[WhiteElo "2388"]
[BlackElo "2211"]
[PlyCount "144"]
[EventDate "2010.??.??"]

1. Nf3 e6 2. c4 d5 3. d4 c6 4. Nc3 f5 5. Bf4 Nf6 6. e3 Be7 7. Be2 O-O 8. O-O
Ne4 9. Nxe4 dxe4 10. Nd2 g5 11. Bxb8 Rxb8 12. f3 exf3 13. Nxf3 Bd6 14. c5 Bc7
15. Qb3 Qf6 16. Qc3 Rd8 17. Rad1 Bd7 18. b4 a6 19. Bc4 Be8 20. Ne5 Kh8 21. e4
Bh5 22. g4 Bg6 23. gxf5 exf5 24. exf5 Bh5 25. Rde1 b5 26. Be6 Be8 27. Ng4 Qxd4+
28. Qxd4+ Rxd4 29. f6 Bh5 30. Ne5 Bxe5 31. Rxe5 Bg4 32. Bb3 h6 33. Rfe1 Rf8 34.
Re8 Rd8 35. Rxd8 Rxd8 36. Re7 Rf8 37. f7 Kg7 38. Rc7 Bf3 39. Kf2 g4 40. Ke3 Rd8
41. Ra7 h5 42. Rxa6 h4 43. Ra7 Bd5 44. Bxd5 Rxd5 45. f8=Q+ Kxf8 46. Rh7 g3 47.
Rxh4 gxh2 48. Rxh2 Ke7 49. Rh4 Rg5 50. Rd4 Rg3+ 51. Ke4 Ra3 52. Rd6 Ra4 53.
Rxc6 Rxb4+ 54. Kd5 Kd7 55. Ra6 Ra4 56. Rh6 Rxa2 57. Rh7+ Kd8 58. Kd6 Rd2+ 59.
Kc6 b4 60. Rh8+ Ke7 61. Rb8 Rd4 62. Kc7 Rd7+ 63. Kc6 Rd4 64. Rb5 Rc4 65. Rb7+
Kd8 66. Rd7+ Kc8 67. Rh7 Kd8 68. Rh8+ Ke7 69. Kb5 Rc1 70. Kxb4 Kd7 71. Rh7+ Kc6
72. Rh6+ Kc7 1/2-1/2

[Event "10th IPCA World Champ"]
[Site "Bialystok"]
[Date "2010.07.01"]
[Round "8.2"]
[White "Mikheev, Stanislav"]
[Black "Anfinogenov, Artem"]
[Result "1-0"]
[WhiteElo "2310"]
[BlackElo "2028"]
[PlyCount "73"]
[EventDate "2010.??.??"]

1. d4 d5 2. c4 e6 3. Nf3 Nf6 4. g3 Bb4+ 5. Bd2 Be7 6. Bg2 O-O 7. O-O b6 8. cxd5
exd5 9. Nc3 Bb7 10. Bf4 Nbd7 11. Rc1 c6 12. Ne5 Nxe5 13. Bxe5 Nd7 14. Bf4 Rc8
15. Bh3 Ra8 16. a3 Nf6 17. b4 Bc8 18. Bg2 Be6 19. Qa4 Qd7 20. Rfd1 Rfc8 21. Qa6
Ne8 22. b5 g5 23. Be3 Nc7 24. bxc6 Qd6 25. Qd3 Qxa3 26. f4 gxf4 27. Bxf4 Bb4
28. Bxc7 Rxc7 29. Bxd5 Bxc3 30. Rxc3 Qd6 31. Bf3 Bd5 32. Bxd5 Qxd5 33. e4 Qe6
34. d5 Qd6 35. e5 Qxe5 36. d6 Rd8 37. dxc7 1-0

[Event "10th IPCA World Champ"]
[Site "Bialystok"]
[Date "2010.07.01"]
[Round "8.3"]
[White "Zavarsky, Juraj"]
[Black "Yarmonov, Igor"]
[Result "0-1"]
[WhiteElo "2058"]
[BlackElo "2340"]
[PlyCount "84"]
[EventDate "2010.??.??"]

1. e4 e5 2. Nf3 Nc6 3. Bb5 a6 4. Bxc6 dxc6 5. O-O f6 6. d4 exd4 7. Nxd4 c5 8.
Nb3 Qxd1 9. Rxd1 Bd6 10. Na5 b6 11. Nc4 Be7 12. Bf4 Be6 13. Ne3 Bd8 14. Nc3 Ne7
15. Ncd5 Rc8 16. Nxe7 Kxe7 17. h4 Re8 18. Nf5+ Kf7 19. Rd3 g6 20. Ne3 c4 21.
Rd2 b5 22. c3 c6 23. a4 a5 24. axb5 cxb5 25. Nd5 f5 26. exf5 Bxf5 27. Bg3 h6
28. Bf4 Bd3 29. Bxh6 Bxh4 30. Be3 a4 31. Nf4 Be4 32. Nh3 Bd3 33. Bg5 Bxg5 34.
Nxg5+ Kf6 35. Nh3 g5 36. f3 Bf5 37. Nf2 Rcd8 38. Rad1 Re1+ 39. Rxe1 Rxd2 40.
Nd1 Bd3 41. Kh2 Be2 42. Ne3 Rxb2 0-1

[Event "10th IPCA World Champ"]
[Site "Bialystok"]
[Date "2010.07.01"]
[Round "8.4"]
[White "Matijasevic, Ilija"]
[Black "Melnik, Galina"]
[Result "0-1"]
[WhiteElo "2101"]
[BlackElo "2001"]
[PlyCount "58"]
[EventDate "2010.??.??"]

1. e4 c6 2. d4 d5 3. Nc3 dxe4 4. Nxe4 Bf5 5. Ng3 Bg6 6. h4 h6 7. Nf3 Nd7 8. h5
Bh7 9. Bd3 Bxd3 10. Qxd3 Qc7 11. Bd2 e6 12. O-O-O Ngf6 13. Qe2 Bd6 14. Nf5 Bf4
15. Nxg7+ Kf8 16. Nxe6+ fxe6 17. Qxe6 Bxd2+ 18. Rxd2 Re8 19. Qf5 Rg8 20. d5 c5
21. Rg1 Rg4 22. g3 Qa5 23. a3 Qa4 24. Nh4 Rg5 25. Qf3 Qe4 26. Ng6+ Kf7 27. Qb3
Rxd5 28. Nf4 c4 29. Qc3 Qe1+ 0-1

[Event "10th IPCA World Champ"]
[Site "Bialystok"]
[Date "2010.07.01"]
[Round "8.5"]
[White "Glazar, Domagoj"]
[Black "Marievsky, Maxim"]
[Result "1-0"]
[WhiteElo "2050"]
[BlackElo "2024"]
[PlyCount "61"]
[EventDate "2010.??.??"]

1. d4 Nf6 2. Nf3 d5 3. e3 c5 4. c3 cxd4 5. exd4 Bg4 6. Qa4+ Bd7 7. Qb3 Qc7 8.
g3 e6 9. Bf4 Qc8 10. Na3 a6 11. Bg2 Bc6 12. Ne5 Nh5 13. Be3 b5 14. O-O Bd6 15.
Nc2 a5 16. Nxc6 Qxc6 17. a4 bxa4 18. Rxa4 Nd7 19. c4 Nb6 20. cxd5 exd5 21. Rc1
O-O 22. Raa1 a4 23. Qd3 Qd7 24. Na3 Bxa3 25. bxa3 Rfc8 26. Rc5 Nf6 27. Bg5 Ne4
28. Bxe4 dxe4 29. Qxe4 f6 30. Be3 Nc4 31. Rxc4 1-0

[Event "10th IPCA World Champ"]
[Site "Bialystok"]
[Date "2010.07.01"]
[Round "8.6"]
[White "Tocklin, Tomi"]
[Black "Szneider, Kazimierz"]
[Result "1-0"]
[WhiteElo "1885"]
[BlackElo "1898"]
[PlyCount "102"]
[EventDate "2010.??.??"]

1. e4 e6 2. d4 d5 3. exd5 exd5 4. Bf4 Bd6 5. Bxd6 Qxd6 6. Nf3 Bg4 7. Nbd2 Nc6
8. c3 f6 9. Bd3 Nge7 10. O-O O-O-O 11. Qc2 g6 12. b4 Rde8 13. Rfe1 Bd7 14. Nb3
Nf5 15. Nc5 Ng7 16. Nxd7 Qxd7 17. Qa4 Rxe1+ 18. Rxe1 Kb8 19. Bb5 Re8 20. Qd1
Re6 21. Rxe6 Qxe6 22. Qe1 Nd8 23. Qxe6 Ndxe6 24. g3 c6 25. Bd3 Kc7 26. h4 Kd6
27. Kf1 b6 28. Ke2 c5 29. Ke3 c4 30. Bc2 Nh5 31. Bb1 f5 32. Ne5 f4+ 33. Kf3
fxg3 34. fxg3 Nf6 35. Bc2 Nd7 36. Ng4 b5 37. a4 a6 38. a5 Ke7 39. Ne3 Kd6 40.
g4 Nc7 41. g5 Nf8 42. Ng4 Nce6 43. Nf6 Ng7 44. Kg4 Ke6 45. h5 gxh5+ 46. Nxh5
Ne8 47. Nf4+ Kd6 48. Kh5 Ne6 49. Nxe6 Kxe6 50. Bxh7 Nd6 51. Bg8+ Nf7 1-0

[Event "10th IPCA World Champ"]
[Site "Bialystok"]
[Date "2010.07.01"]
[Round "8.9"]
[White "Kurochkina, Elena"]
[Black "Kaydanovich, Marina"]
[Result "1-0"]
[WhiteElo "1827"]
[BlackElo "1852"]
[PlyCount "149"]
[EventDate "2010.??.??"]

1. d4 Nf6 2. c4 e5 3. dxe5 Ng4 4. Nf3 Nc6 5. e3 Ngxe5 6. Be2 g6 7. O-O Bg7 8.
a3 d6 9. Qc2 Be6 10. Nbd2 f5 11. Nd4 Bf7 12. b3 Qd7 13. Bb2 Rg8 14. N2f3 h6 15.
Rad1 O-O-O 16. b4 Nxf3+ 17. Bxf3 Ne5 18. Be2 g5 19. c5 Bg6 20. Qc1 h5 21. cxd6
Qxd6 22. Nxf5 Qf6 23. Nxg7 Qxg7 24. Bd4 Qe7 25. Bxa7 Rxd1 26. Rxd1 g4 27. Bc5
Qh7 28. Bd6 Re8 29. Bxe5 Rxe5 30. Qd2 Qe7 31. Qd4 Be4 32. Qa7 c6 33. Qb6 Rg5
34. Qd4 Rg8 35. Bc4 Rf8 36. Qd6 Qxd6 37. Rxd6 Rh8 38. Rd4 Re8 39. Kf1 h4 40.
Bd3 Bxd3+ 41. Rxd3 Rd8 42. Ke2 Rd7 43. f3 gxf3+ 44. gxf3 Rg7 45. Kf1 h3 46. Rd2
Kc7 47. e4 Kb6 48. a4 c5 49. bxc5+ Kxc5 50. e5 Kb4 51. Rd4+ Kc5 52. Rh4 Kd5 53.
Rxh3 Kxe5 54. Kf2 Rg6 55. Rh4 b6 56. h3 Re6 57. a5 bxa5 58. Rh5+ Kd4 59. Rxa5
Rh6 60. Ra4+ Ke5 61. Kg3 Rg6+ 62. Rg4 Rh6 63. f4+ Kf5 64. Rg5+ Kf6 65. Kg4 Rh7
66. h4 Rh6 67. h5 Rh7 68. Rg6+ Kf7 69. Kg5 Rh8 70. f5 Rh7 71. h6 Rh8 72. Rg7+
Kf8 73. Kg6 Ke8 74. h7 Kf8 75. Ra7 1-0

[Event "10th IPCA World Champ"]
[Site "Bialystok"]
[Date "2010.07.02"]
[Round "9.1"]
[White "Vodyasov, Evgeny"]
[Black "Mikheev, Stanislav"]
[Result "0-1"]
[WhiteElo "2211"]
[BlackElo "2310"]
[PlyCount "70"]
[EventDate "2010.??.??"]

1. d4 Nf6 2. c4 g6 3. Bg5 Ne4 4. Bf4 c5 5. Qc2 d5 6. cxd5 Qxd5 7. f3 Nf6 8.
Qxc5 Nc6 9. Nc3 Qxd4 10. Qxd4 Nxd4 11. O-O-O Ne6 12. Be5 Bg7 13. e4 Bd7 14. Bb5
Bxb5 15. Nxb5 Rc8+ 16. Kb1 Rc5 17. Bxf6 Bxf6 18. Na3 Nd4 19. f4 e5 20. fxe5
Bxe5 21. Nf3 Nxf3 22. gxf3 Ke7 23. h3 Rhc8 24. Rc1 Rxc1+ 25. Rxc1 Rxc1+ 26.
Kxc1 Kf6 27. Nc4 Bf4+ 28. Kd1 Kg5 29. Ke2 Kh4 30. e5 Kxh3 31. b3 Kg2 32. Kd3
Kxf3 33. Kd4 g5 34. Kd5 g4 35. Kd6 f6 0-1

[Event "10th IPCA World Champ"]
[Site "Bialystok"]
[Date "2010.07.02"]
[Round "9.2"]
[White "Glazar, Domagoj"]
[Black "Obodchuk, Andrei"]
[Result "0-1"]
[WhiteElo "2050"]
[BlackElo "2388"]
[PlyCount "126"]
[EventDate "2010.??.??"]

1. d4 Nf6 2. c4 g6 3. Nf3 Bg7 4. Nc3 O-O 5. e4 d6 6. Be2 Na6 7. O-O e5 8. dxe5
dxe5 9. Qxd8 Rxd8 10. Bg5 Re8 11. Bxf6 Bxf6 12. Nd5 Bd8 13. Rad1 c6 14. Nc3 Ba5
15. Na4 Bc7 16. h3 f6 17. c5 b5 18. cxb6 axb6 19. Nc3 Be6 20. Nd2 b5 21. a3 Nc5
22. Bg4 Bf7 23. b4 Ne6 24. Bxe6 Bxe6 25. Ncb1 Red8 26. Rc1 Rd6 27. Rc2 Bb6 28.
Rfc1 Rc8 29. Nc3 Kf7 30. Kf1 Ra8 31. Ncb1 Bd7 32. Nb3 Ke7 33. Nc5 Be8 34. Ke2
Rd4 35. f3 Bf7 36. Rc3 Bc4+ 37. Ke1 Rad8 38. Nb7 R8d7 39. Nc5 Bxc5 40. bxc5 Ba2
41. R3c2 Bxb1 42. Rxb1 Ra7 43. Rc3 f5 44. exf5 gxf5 45. g4 Ke6 46. gxf5+ Kxf5
47. Rb2 Rg7 48. Rb4 Rg2 49. Rxd4 exd4 50. Rd3 Ke5 51. a4 bxa4 52. Ra3 Rc2 53.
Rxa4 Rxc5 54. Ra7 Kf4 55. Rxh7 Kxf3 56. Kd2 Rc3 57. h4 Ke4 58. h5 Rh3 59. h6
Rh2+ 60. Ke1 Kd3 61. Rh8 c5 62. Rc8 c4 63. Rc6 c3 0-1

[Event "10th IPCA World Champ"]
[Site "Bialystok"]
[Date "2010.07.02"]
[Round "9.3"]
[White "Yarmonov, Igor"]
[Black "Tocklin, Tomi"]
[Result "1-0"]
[WhiteElo "2340"]
[BlackElo "1885"]
[PlyCount "71"]
[EventDate "2010.??.??"]

1. d4 Nf6 2. c4 c5 3. d5 b5 4. cxb5 a6 5. bxa6 Bxa6 6. Nc3 d6 7. e4 Bxf1 8.
Kxf1 g6 9. g3 Bg7 10. Kg2 Nbd7 11. Nf3 O-O 12. Qe2 Ng4 13. Nd2 Ngf6 14. Nc4 Nb6
15. a4 Nxc4 16. Qxc4 Qa5 17. Bd2 Rfb8 18. Ra2 Nd7 19. Qe2 Qa6 20. Qxa6 Rxa6 21.
Rb1 Rb4 22. b3 c4 23. Rab2 cxb3 24. Rxb3 Rxb3 25. Rxb3 Kf8 26. Rb4 Ke8 27. Nb5
Kd8 28. Be3 Nb6 29. a5 Nd7 30. Na7 Bc3 31. Nc6+ Ke8 32. Rc4 Bf6 33. Nb4 Ne5 34.
Rc8+ Kd7 35. Rg8 Rxa5 36. Bb6 1-0